[Event "XIII. Solinger Karnevalsopen"]
[Site "Solingen"]
[Date "2024.02.09"]
[Round "1.1"]
[White "Jugelt, Tobias"]
[Black "Linke, Marius"]
[Result "1/2-1/2"]
[WhiteElo "2367"]
[BlackElo "1703"]
[PlyCount "102"]
[EventDate "2024.??.??"]
[WhiteTeam "Bochumer SV 02"]
[BlackTeam "SG Solingen e. V."]

1. Nf3 d5 2. c4 c6 3. b3 Nf6 4. Bb2 Bg4 5. e3 e6 6. h3 Bxf3 7. Qxf3 Nbd7 8. Nc3
Bd6 9. Qd1 Qe7 10. Be2 O-O 11. Qc2 Rac8 12. g4 Ba3 13. Bxa3 Qxa3 14. Kf1 e5 15.
g5 Ne8 16. Qf5 Qd6 17. cxd5 cxd5 18. Nb5 Qe6 19. Bg4 Nc7 20. a4 a6 21. Qc2 f5
22. Nxc7 Qb6 23. Bxf5 Rxc7 24. Bxh7+ Kh8 25. Qg6 Qxg6 26. Bxg6 e4 27. Bh5 Rc2
28. Be2 Nc5 29. b4 Nb3 30. Rd1 Nxd2+ 31. Kg2 Nf3 32. Bxf3 Rxf3 33. Rhf1 Rf5 34.
h4 g6 35. Kg3 Rb2 36. Rd4 Kg7 37. f4 Rb3 38. Kg4 Rxe3 39. h5 Re2 40. b5 axb5
41. axb5 Rb2 42. Ra4 Rg2+ 43. Kh3 Rgxg5 44. h6+ Kh7 45. Ra7 Rh5+ 46. Kg4 d4 47.
Rxb7+ Kxh6 48. Re7 Rxb5 49. Rxe4 Rbd5 50. Rd1 d3 51. Re3 Rh2 1/2-1/2

[Event "XIII. Solinger Karnevalsopen"]
[Site "Solingen"]
[Date "2024.02.09"]
[Round "1.2"]
[White "Bock, Juergen"]
[Black "Korchynskyi, Mykola"]
[Result "0-1"]
[WhiteElo "1700"]
[BlackElo "2263"]
[PlyCount "74"]
[EventDate "2024.??.??"]
[WhiteTeam "SC Duesseldorf Garath 197"]
[BlackTeam "SF Essen-Katernberg 0"]

1. d4 d5 2. Nf3 Nf6 3. e3 e6 4. Bd3 Be7 5. O-O O-O 6. Nbd2 b6 7. b3 Bb7 8. Bb2
Nbd7 9. Qe2 Ne4 10. c4 Ndf6 11. cxd5 exd5 12. Rfc1 a5 13. Rc2 a4 14. Rac1 axb3
15. axb3 Bd6 16. h3 Qe7 17. Bb5 Ra2 18. Nxe4 dxe4 19. Ne5 Nd5 20. Ba1 Rxc2 21.
Qxc2 Nb4 22. Qb1 Qg5 23. Bc3 Nd3 24. Rc2 Nxe5 25. dxe5 Bxe5 26. Bxe5 Qxe5 27.
Bc6 Ba6 28. Ra2 Bd3 29. Qb2 Qd6 30. Qc3 h6 31. Ra4 Qg6 32. Rd4 Qf6 33. f3 Be2
34. fxe4 Qg6 35. Rd2 Bf3 36. Qe5 Qxc6 37. gxf3 Qc1+ 0-1

[Event "XIII. Solinger Karnevalsopen"]
[Site "Solingen"]
[Date "2024.02.09"]
[Round "1.3"]
[White "Volkov, Mykyta"]
[Black "Jovanovic, Lucas"]
[Result "1-0"]
[WhiteElo "2259"]
[BlackElo "1691"]
[PlyCount "41"]
[EventDate "2024.??.??"]
[WhiteTeam "Elberfelder SG"]
[BlackTeam "Krefelder SK Turm 1851 e"]

1. d4 Nf6 2. c4 c5 3. d5 b5 4. cxb5 a6 5. e3 g6 6. Nc3 Bg7 7. a4 O-O 8. Nf3 Bb7
9. e4 e6 10. Be2 Re8 11. O-O exd5 12. e5 Ng4 13. Bg5 f6 14. exf6 Nxf6 15. Nxd5
Bxd5 16. Bxf6 Bxf6 17. Qxd5+ Kh8 18. Qxa8 Rxe2 19. bxa6 Nc6 20. Qxd8+ Bxd8 21.
Rfe1 1-0

[Event "XIII. Solinger Karnevalsopen"]
[Site "Solingen"]
[Date "2024.02.09"]
[Round "1.4"]
[White "Tonev, Vasil"]
[Black "Grabowski, Pawel"]
[Result "0-1"]
[WhiteElo "1672"]
[BlackElo "2235"]
[PlyCount "46"]
[EventDate "2024.??.??"]
[WhiteTeam "SV Horrem 1948"]
[BlackTeam "Godesberger SK 1929 e. V"]

1. d4 Nf6 2. c4 g6 3. Nc3 Bg7 4. e4 d6 5. Be2 O-O 6. Be3 c6 7. g4 Qa5 8. f3 a6
9. a3 b5 10. b4 Qd8 11. h4 bxc4 12. Bxc4 d5 13. Be2 dxe4 14. fxe4 a5 15. g5 Ne8
16. Rc1 axb4 17. axb4 Na6 18. b5 cxb5 19. Bxb5 Nd6 20. Be2 Bb7 21. Bf3 Nb4 22.
Nge2 Nc4 23. Qb3 Nd3+ 0-1

[Event "XIII. Solinger Karnevalsopen"]
[Site "Solingen"]
[Date "2024.02.09"]
[Round "1.5"]
[White "Michalczak, Thomas"]
[Black "Klein, Andreas"]
[Result "1-0"]
[WhiteElo "2203"]
[BlackElo "1671"]
[PlyCount "63"]
[EventDate "2024.??.??"]
[WhiteTeam "SG Solingen e. V."]
[BlackTeam "SC Buer-Hassel 1919 e. V."]

1. e4 c5 2. Nf3 e6 3. c3 Nc6 4. d4 cxd4 5. cxd4 d5 6. e5 Bb4+ 7. Bd2 Bxd2+ 8.
Qxd2 Nge7 9. Bd3 Bd7 10. Nc3 a6 11. Rd1 Ng6 12. h4 f5 13. h5 Nf8 14. Bxf5 exf5
15. h6 Ne6 16. hxg7 Nxg7 17. Nxd5 Qa5 18. Qxa5 Nxa5 19. Nc7+ Kf7 20. Nxa8 Rxa8
21. d5 Kg8 22. Ng5 h6 23. Rxh6 Re8 24. f4 Nc4 25. Kf2 Nxe5 26. fxe5 Rxe5 27.
Rh8+ Kxh8 28. Nf7+ Kg8 29. Nxe5 Bb5 30. d6 Ne6 31. d7 Nd8 32. Rd6 1-0

[Event "XIII. Solinger Karnevalsopen"]
[Site "Solingen"]
[Date "2024.02.09"]
[Round "1.6"]
[White "Runte, Dirk"]
[Black "Marcziter, Dmitrii"]
[Result "0-1"]
[WhiteElo "1670"]
[BlackElo "2187"]
[PlyCount "74"]
[EventDate "2024.??.??"]
[WhiteTeam "SF Lohmar 1974 e. V."]
[BlackTeam "SG Porz e. V."]

1. Nf3 Nf6 2. c4 g6 3. g3 Bg7 4. Bg2 O-O 5. O-O d6 6. d4 Nbd7 7. Nc3 e5 8. dxe5
dxe5 9. Bg5 h6 10. Bxf6 Bxf6 11. Nd5 Bg7 12. Nh4 c6 13. Ne3 Qe7 14. Qc2 a5 15.
Rad1 Nc5 16. a3 a4 17. Qd2 Nb3 18. Qd6 Qxd6 19. Rxd6 Nd4 20. Re1 Re8 21. Nxg6
fxg6 22. Rxg6 Kf7 23. Be4 Be6 24. Kg2 Rg8 25. g4 Bf8 26. Rxg8 Kxg8 27. h4 Be7
28. Kg3 Ra6 29. Bd3 Rb6 30. Nf5 Bxf5 31. gxf5 Rxb2 32. c5 Bxc5 33. Bc4+ Kg7 34.
Rg1 Nxf5+ 35. Kf3+ Kf6 36. h5 Ne7 37. Ke4 b5 0-1

[Event "XIII. Solinger Karnevalsopen"]
[Site "Solingen"]
[Date "2024.02.09"]
[Round "1.7"]
[White "Villwock, Martin"]
[Black "Broncel, Kevin"]
[Result "1/2-1/2"]
[WhiteElo "2096"]
[BlackElo "1667"]
[PlyCount "115"]
[EventDate "2024.??.??"]
[WhiteTeam "SF Essen-Katernberg 0"]
[BlackTeam "SC Neckarsulm e.V."]

1. e4 c5 2. Nf3 e6 3. d4 cxd4 4. Nxd4 Nc6 5. Nc3 Qc7 6. Be3 a6 7. Qf3 b5 8. Qg3
Qxg3 9. hxg3 Bb4 10. a4 bxa4 11. Nxc6 dxc6 12. Bd4 Nf6 13. Bd3 c5 14. Be5 O-O
15. Rxa4 Bd7 16. Ra1 Bb5 17. f3 Nd7 18. Bd6 Rfd8 19. Kf2 Bxd3 20. cxd3 Nb8 21.
e5 Nc6 22. Ne4 Nd4 23. Rh5 Nf5 24. Rah1 Nxd6 25. Nxd6 h6 26. Ke3 a5 27. g4 Kf8
28. f4 c4 29. Nxc4 Bc5+ 30. Ke2 Rd4 31. Rf1 Ke7 32. Rh3 a4 33. Rhf3 Ra7 34. Ra1
Ke8 35. g3 Rd5 36. Kd2 Bb4+ 37. Kc2 Bc5 38. f5 Rd4 39. Rf4 Rd5 40. f6 Kf8 41.
Rh1 a3 42. bxa3 Bxa3 43. g5 Kg8 44. gxh6 g6 45. Ra1 Bc5 46. Rxa7 Bxa7 47. Rh4
Kh7 48. Kc3 Bf2 {(=)} 49. Rg4 Kxh6 50. d4 g5 51. Nd6 Kg6 52. Kd3 Be1 {(=)} 53.
Ne4 Kh6 54. Rxg5 Bf2 55. Rg4 Bxd4 56. Rh4+ Kg6 57. Rg4+ Kh6 58. Rh4+ 1/2-1/2

[Event "XIII. Solinger Karnevalsopen"]
[Site "Solingen"]
[Date "2024.02.09"]
[Round "1.8"]
[White "Wilk, Clemens"]
[Black "Ngo, Quang Thai"]
[Result "0-1"]
[WhiteElo "1662"]
[BlackElo "2094"]
[PlyCount "100"]
[EventDate "2024.??.??"]
[WhiteTeam "SF 1982 Oetzingen e.V."]
[BlackTeam "Aachener SV 1856 e. V."]

1. d4 Nf6 2. Bg5 d5 3. Bxf6 exf6 4. e3 Bd6 5. Bd3 Be6 6. Nf3 Nd7 7. Nbd2 c6 8.
c3 f5 9. g3 Nf6 10. Qc2 Ne4 11. Ng1 h5 12. Ndf3 b5 13. Ne2 Qa5 14. b4 Qd8 15.
a4 a6 16. a5 Qe7 17. h4 f6 18. Nd2 g5 19. Nb3 Kd8 20. Nc5 Kc7 21. Bxe4 fxe4 22.
O-O-O Bg4 23. Kb2 Bf3 24. Rh2 Kb8 25. Re1 Ka7 26. Ng1 Bg4 27. Ne2 Rh7 28. Qd2
Rah8 29. Nb3 f5 30. hxg5 h4 31. g6 Rh6 32. Rxh4 Rxh4 33. gxh4 Qxh4 34. Ng3 Bxg3
35. fxg3 Qxg3 36. g7 Rg8 37. Rh1 Rxg7 38. Rh6 f4 39. exf4 e3 40. Qh2 Qf2+ 41.
Qxf2 exf2 42. Nd2 Re7 43. f5 Re2 44. Rh7+ Kb8 45. Rh8+ Kc7 46. Rh7+ Kd6 47.
Rh6+ Kd7 48. Rh7+ Ke8 49. Rh8+ Kf7 50. Rh7+ Kg8 0-1

[Event "XIII. Solinger Karnevalsopen"]
[Site "Solingen"]
[Date "2024.02.09"]
[Round "1.9"]
[White "Bub, Volker"]
[Black "Mercan, Emre Furkan"]
[Result "1/2-1/2"]
[WhiteElo "2050"]
[BlackElo "1658"]
[PlyCount "154"]
[EventDate "2024.??.??"]
[WhiteTeam "SC Tornado 86 Hochneukirch"]
[BlackTeam "vereinslos"]

1. Nf3 d5 2. g3 Nf6 3. Bg2 Bf5 4. c4 e6 5. Qb3 Qc8 6. Nc3 c6 7. d3 h6 8. O-O
Nbd7 9. cxd5 exd5 10. Re1 Bc5 11. e4 dxe4 12. dxe4 Be6 13. Qc2 O-O 14. h3 Nb6
15. Kh2 Re8 16. Be3 Bf8 17. b3 Bb4 18. Bd4 Qd8 19. a3 Bf8 20. Red1 Qe7 21. Be3
Rad8 22. b4 Rxd1 23. Nxd1 Rd8 24. Nd4 Nc4 25. Nxe6 Nxe3 26. Nxe3 Qxe6 27. Rd1
Rxd1 28. Nxd1 Bd6 29. f4 Bb8 30. e5 Nd5 31. Qd3 Bc7 32. Bxd5 cxd5 33. Nc3 d4
34. Qxd4 Qb3 35. Nd5 Bb6 36. Nxb6 axb6 37. Qd8+ Kh7 38. Qxb6 Qb2+ 39. Kg1 Qc1+
40. Kg2 Qb2+ 41. Qf2 Qxa3 42. Qc2+ g6 43. Qc4 Kg7 44. h4 Qb2+ 45. Kh3 Qb1 46.
Kg2 Qb2+ 47. Kf3 Qa3+ 48. Kf2 Qb2+ 49. Ke1 Qb1+ 50. Kd2 Qb2+ 51. Kd3 Qg2 52.
Qd4 Qxg3+ 53. Kc4 Kg8 54. Qd8+ Kg7 55. Qf6+ Kg8 56. e6 fxe6 57. Qxe6+ Kg7 58.
Qe7+ Kg8 59. Qd8+ Kf7 60. Qd5+ Kf8 61. Qd8+ Kf7 62. Qc7+ Kf6 63. Qe5+ Kf7 64.
Qd5+ Kf6 65. Qe5+ Kf7 66. h5 gxh5 67. Qf5+ Kg7 68. Qe5+ Kf7 69. Qc7+ Kf6 70.
Qe5+ Kf7 71. Qf5+ Kg7 72. Qd7+ Kf6 73. Qd6+ Kg7 74. Qe7+ Kg6 75. Qe4+ Kf6 76.
Qe5+ Kf7 77. Qf5+ Kg7 1/2-1/2

[Event "XIII. Solinger Karnevalsopen"]
[Site "Solingen"]
[Date "2024.02.09"]
[Round "1.10"]
[White "Amini, Yusuf"]
[Black "Schuricht, Emil Frederick"]
[Result "0-1"]
[WhiteElo "1657"]
[BlackElo "2040"]
[PlyCount "100"]
[EventDate "2024.??.??"]
[WhiteTeam "SC Monheim/Baumberg 1958"]
[BlackTeam "Krefelder SK Turm 1851 e"]

1. e4 c6 2. d4 d5 3. e5 Bf5 4. Nf3 e6 5. Be2 c5 6. Be3 Qb6 7. Nc3 Nc6 8. dxc5
Bxc5 9. Bxc5 Qxc5 10. Nb5 Kf8 11. c3 Nge7 12. Nbd4 Be4 13. Bd3 Ng6 14. Ng5 Nxd4
15. Bxe4 Nc6 16. Bxg6 hxg6 17. Qf3 Qe7 18. Qe3 Qc7 19. f4 Qb6 20. Qxb6 axb6 21.
Nf3 Ke7 22. Kd2 Rhc8 23. Rhc1 Na5 24. b3 Nc6 25. Nd4 Nxd4 26. cxd4 Rxc1 27.
Kxc1 Rh8 28. h3 Rh4 29. Kd2 Rxf4 30. Ke3 Re4+ 31. Kd3 f6 32. exf6+ gxf6 33. Rc1
Kd6 34. Rf1 f5 35. g3 e5 36. dxe5+ Kxe5 37. a3 d4 38. Rf3 Re1 39. h4 Rb1 40.
Kc2 Re1 41. Kd2 Ra1 42. a4 Ra2+ 43. Kd3 Rb2 44. Kc4 Rc2+ 45. Kb5 Rc3 46. Rf1
Rxb3+ 47. Kc4 Rxg3 48. Kb5 Rb3+ 49. Kc4 Rc3+ 50. Kb5 Rc6 0-1

[Event "XIII. Solinger Karnevalsopen"]
[Site "Solingen"]
[Date "2024.02.09"]
[Round "1.11"]
[White "Diduh, Ihor"]
[Black "Lueersen, Lukas"]
[Result "1-0"]
[WhiteElo "2030"]
[BlackElo "1650"]
[PlyCount "83"]
[EventDate "2024.??.??"]
[WhiteTeam "Polizeisport-Verein Duisburg 192"]
[BlackTeam "SF Essen-Katernberg 0"]

1. e4 e6 2. d4 d5 3. Nc3 Bb4 4. Nge2 Nf6 5. Bg5 h6 6. Bxf6 Qxf6 7. a3 Bxc3+ 8.
Nxc3 Qe7 9. Be2 dxe4 10. Nxe4 Bd7 11. Nc5 Bc6 12. Bf3 Bxf3 13. Qxf3 c6 14. O-O
O-O 15. Rfe1 Rd8 16. Re4 b6 17. Nd3 Nd7 18. Nb4 Rac8 19. Rf4 Nb8 20. Nd3 Nd7
21. Re1 Nf6 22. Ne5 Rd6 23. h4 c5 24. g4 Rf8 25. g5 hxg5 26. hxg5 Nh7 27. g6
fxg6 28. Rxf8+ Nxf8 29. dxc5 bxc5 30. Qg3 Qf6 31. Re3 Rd5 32. c4 Rd1+ 33. Kg2
Nd7 34. Nxg6 Rd4 35. Rf3 Qd8 36. Nf4 Qe7 37. b3 Nf6 38. Ng6 Qd8 39. Ne5 Qf8 40.
Qg6 Re4 41. Nd7 Rg4+ 42. Qxg4 1-0

[Event "XIII. Solinger Karnevalsopen"]
[Site "Solingen"]
[Date "2024.02.09"]
[Round "1.12"]
[White "Lueersen, Jan"]
[Black "Bien, Stefan"]
[Result "0-1"]
[WhiteElo "1648"]
[BlackElo "2017"]
[PlyCount "104"]
[EventDate "2024.??.??"]
[WhiteTeam "SF Essen-Katernberg 0"]
[BlackTeam "SV Horrem 1948"]

1. e4 c6 2. d4 d5 3. Nd2 dxe4 4. Nxe4 Bf5 5. Ng3 Bg6 6. Nf3 Nd7 7. Bd3 e6 8.
Bf4 Qa5+ 9. c3 Ngf6 10. Qe2 Be7 11. a4 O-O 12. Bxg6 hxg6 13. O-O Nh5 14. Nxh5
Qxh5 15. Rfe1 Rfd8 16. Qc4 Qd5 17. Nd2 Rac8 18. Qxd5 cxd5 19. a5 Rc6 20. Rec1
Rdc8 21. Ra4 g5 22. Bg3 f5 23. Be5 Nxe5 24. dxe5 g4 25. Nb3 Kf7 26. Rd1 g6 27.
Rd3 Rc4 28. Rd4 R4c7 29. Rd3 Bf8 30. f4 gxf3 31. Rxf3 Rc4 32. Rf4 Rxf4 33. Rxf4
g5 34. Rf1 Rc4 35. Re1 g4 36. Kf2 a6 37. Ke2 Ra4 38. Kd3 Rc4 39. Nd2 Rf4 40. g3
Rf2 41. Re2 Rxe2 42. Kxe2 Bg7 43. Nb3 Bxe5 44. Nc5 Bd6 45. Nxb7 Ke7 46. Nxd6
Kxd6 47. b4 e5 48. Kd3 Kc6 49. Ke2 Kb5 50. Kd3 f4 51. gxf4 exf4 52. Ke2 d4 0-1

[Event "XIII. Solinger Karnevalsopen"]
[Site "Solingen"]
[Date "2024.02.09"]
[Round "1.13"]
[White "Maenken, Merlin"]
[Black "Reinacher, Detlev"]
[Result "1-0"]
[WhiteElo "1989"]
[BlackElo "1626"]
[PlyCount "71"]
[EventDate "2024.??.??"]
[WhiteTeam "Elberfelder SG"]
[BlackTeam "SC Hansa Dortmund e. V."]

1. d4 d6 2. Nf3 g6 3. e4 Bg7 4. Nc3 Nf6 5. a4 c6 6. Bg5 Nbd7 7. Qd2 Qc7 8. Bh6
O-O 9. Bxg7 Kxg7 10. Bd3 e5 11. O-O b6 12. Rfd1 Bb7 13. Bc4 Rad8 14. Bb3 exd4
15. Nxd4 Nc5 16. f3 Nxb3 17. cxb3 a6 18. Qg5 Ng8 19. Rac1 h6 20. Qg3 Kh7 21.
Nd5 Qb8 22. Nxb6 c5 23. Ne2 Bxe4 24. a5 Bf5 25. Nc3 Ne7 26. Ncd5 Nxd5 27. Rxd5
Be6 28. Rd3 Bf5 29. Rd2 Be6 30. Rc3 f5 31. h4 f4 32. Qe1 Rfe8 33. Re2 Bf5 34.
Re7+ Kh8 35. Rce3 fxe3 36. Qc3+ 1-0

[Event "XIII. Solinger Karnevalsopen"]
[Site "Solingen"]
[Date "2024.02.09"]
[Round "1.14"]
[White "Asadzade, Muhammed"]
[Black "Vortmeier, Jan"]
[Result "1/2-1/2"]
[WhiteElo "1621"]
[BlackElo "1987"]
[PlyCount "112"]
[EventDate "2024.??.??"]
[WhiteTeam "SV 1919 Koenigsspr"]
[BlackTeam "Polizeisport-Verein Duisburg 192"]

1. d4 Nf6 2. c4 g6 3. f3 c5 4. d5 e6 5. e4 d6 6. Nc3 Bg7 7. Bd3 exd5 8. cxd5
Nbd7 9. Nge2 O-O 10. O-O Re8 11. Be3 a6 12. a3 Ne5 13. Bc2 Nc4 14. Qc1 Nxe3 15.
Qxe3 Bd7 16. Qd2 Rc8 17. a4 b5 18. axb5 axb5 19. Ra6 b4 20. Nd1 Bb5 21. Ra1
Bxe2 22. Qxe2 Nxd5 23. Qc4 Bd4+ 24. Kh1 Nb6 25. Qd3 Qf6 26. f4 c4 27. Qd2 b3
28. Bb1 Ra8 29. Rxa8 Rxa8 30. Nf2 Bc5 31. e5 dxe5 32. Ne4 Qe7 33. f5 Bb4 34.
Qh6 Nd5 35. Ng5 Nf6 36. Be4 Rd8 37. fxg6 fxg6 38. Bxg6 hxg6 39. Qxg6+ Qg7 40.
Qxg7+ Kxg7 41. Ne6+ Kg6 42. Nxd8 c3 43. Nc6 Ne4 44. Nxe5+ Kg7 45. bxc3 Bxc3 46.
Nd3 b2 47. Nxb2 Bxb2 48. g3 Kg6 49. Kg2 Bf6 50. h4 Nd6 51. Kh3 Nf5 52. g4 Nxh4
53. Rxf6+ Kxf6 54. Kxh4 Kg6 55. g5 Kg7 56. Kh5 Kh7 1/2-1/2

[Event "XIII. Solinger Karnevalsopen"]
[Site "Solingen"]
[Date "2024.02.09"]
[Round "1.15"]
[White "Kliashtornyi, Arkadii"]
[Black "Hapka, Luca"]
[Result "1-0"]
[WhiteElo "1978"]
[BlackElo "1620"]
[PlyCount "115"]
[EventDate "2024.??.??"]
[WhiteTeam "SF Moers e. V."]
[BlackTeam "SC Bayer Leverkusen e. V"]

1. d4 Nf6 2. c4 g6 3. Nc3 Bg7 4. e4 d6 5. h3 O-O 6. Be3 e5 7. d5 Na6 8. g4 Nc5
9. f3 a5 10. Qd2 a4 11. O-O-O a3 12. b3 Qe7 13. Bg5 Re8 14. h4 Qf8 15. h5 h6
16. Be3 g5 17. Nh3 Nh7 18. Nb5 Qe7 19. Qb4 Na6 20. Qxa3 Bd7 21. Kb1 Bxb5 22.
cxb5 Nc5 23. Qb4 b6 24. Rh2 Red8 25. Rc2 Rd7 26. Nf2 Nf6 27. Nd3 Nxd3 28. Bxd3
Ne8 29. a4 Qd8 30. Ra2 Ra5 31. Qc4 Qb8 32. b4 Ra8 33. Kc2 Bf6 34. Rda1 Bd8 35.
Qc6 Re7 36. a5 Kf8 37. Kb2 f6 38. Bc2 Kf7 39. Bd3 Kf8 40. axb6 Rxa2+ 41. Rxa2
cxb6 42. Ra8 Qc7 43. Ra6 Qb7 44. Bxb6 Bxb6 45. Rxb6 Qa7 46. Ra6 Qe3 47. Qc3
Qxf3 48. b6 Rb7 49. Bb5 Qf2+ 50. Kb3 Rxb6 51. Rxb6 Qxb6 52. Bxe8 Kxe8 53. Qc6+
Qxc6 54. dxc6 Kd8 55. Kc4 Kc7 56. Kd5 Kc8 57. Kxd6 f5 58. gxf5 1-0

[Event "XIII. Solinger Karnevalsopen"]
[Site "Solingen"]
[Date "2024.02.09"]
[Round "1.16"]
[White "Lohmueller, Mario"]
[Black "Krueger, Andre"]
[Result "1/2-1/2"]
[WhiteElo "1610"]
[BlackElo "1961"]
[PlyCount "127"]
[EventDate "2024.??.??"]
[WhiteTeam "SC Neckarsulm e.V."]
[BlackTeam "Oberhausener SV 1887 e"]

1. e4 e6 2. d4 d5 3. exd5 exd5 4. Nf3 Nc6 5. c3 Bd6 6. Be2 Nge7 7. Nbd2 h6 8.
Nf1 Bf5 9. Ng3 Bg6 10. O-O O-O 11. Re1 Qd7 12. Bd3 Rfe8 13. Nh4 Bxd3 14. Qxd3
Qg4 15. Nf3 Ng6 16. Bd2 Bxg3 17. hxg3 Qd7 18. b3 Rad8 19. Qb5 b6 20. Rxe8+ Rxe8
21. c4 dxc4 22. Rc1 {(=)} Nce5 23. Qxd7 Nxd7 24. Rxc4 Rc8 25. b4 a6 26. Bf4
Nxf4 27. gxf4 Nf6 28. Ne5 Nd5 29. Nc6 Kf8 30. g3 f6 31. Kg2 Re8 32. Kf3 Kf7 33.
f5 g6 34. fxg6+ Kxg6 35. Rc2 Re6 36. a3 Re1 37. Nb8 Kf5 38. Nxa6 Ra1 39. Nxc7
Rxa3+ 40. Ke2 Nxb4 41. Rb2 Nc6 42. Nb5 Ra4 43. d5 Nd4+ 44. Kd3 Nxb5 45. Rxb5
Ke5 46. f4+ Kd6 47. Ke3 Ra3+ 48. Ke4 Rxg3 49. Rxb6+ Ke7 50. Kf5 Rd3 51. Rb7+
Kd6 52. Kxf6 Rxd5 53. f5 h5 54. Kg6 h4 55. f6 Rd1 56. Rb3 Rg1+ 57. Kf7 Rg3 58.
Rb6+ Kd7 59. Rb7+ Kd8 60. Kf8 h3 61. Rg7 Rf3 62. f7 h2 63. Rh7 Rf2 64. Kg8
1/2-1/2

[Event "XIII. Solinger Karnevalsopen"]
[Site "Solingen"]
[Date "2024.02.09"]
[Round "1.17"]
[White "Gelsok, Philipp"]
[Black "Fetahovic, Sarah"]
[Result "1-0"]
[WhiteElo "1929"]
[BlackElo "1607"]
[PlyCount "93"]
[EventDate "2024.??.??"]
[WhiteTeam "Bergische SF 1923 Ber"]
[BlackTeam "SG Solingen e. V."]

1. e4 e5 2. Nf3 Nc6 3. Bb5 a6 4. Ba4 Nf6 5. O-O b5 6. Bb3 Bc5 7. c3 d6 8. a4
Rb8 9. d4 Bb6 10. a5 Ba7 11. h3 O-O 12. Be3 Qe8 13. Re1 Qe7 14. Nbd2 b4 15. Nf1
bxc3 16. bxc3 h6 17. Ba4 exd4 18. cxd4 Nxa5 19. e5 Nd5 20. Bc2 Nc4 21. Qd3 g6
22. Qxc4 Be6 23. Qe2 Bc8 24. Bxh6 Re8 25. Qd2 Rb2 26. exd6 Qd7 27. Ba4 Rxd2 28.
Bxd7 Rxe1 29. Rxe1 Bxd7 30. N1xd2 cxd6 31. Ne4 Kh7 32. Bc1 Bb8 33. Ba3 a5 34.
Bxd6 Bxd6 35. Nxd6 a4 36. Ne5 Be6 37. Ndxf7 a3 38. Ng5+ Kh6 39. Nxe6 a2 40. Ra1
Nc3 41. d5 Nxd5 42. Rxa2 g5 43. Ra8 Kh7 44. Ra7+ Kh6 45. Nf8 Nf6 46. Ng4+ Nxg4
47. Rh7# 1-0

[Event "XIII. Solinger Karnevalsopen"]
[Site "Solingen"]
[Date "2024.02.09"]
[Round "1.18"]
[White "Kovalyov, Dima"]
[Black "Boschek, Hans-Joachim"]
[Result "1-0"]
[WhiteElo "1602"]
[BlackElo "1927"]
[PlyCount "100"]
[EventDate "2024.??.??"]
[WhiteTeam "SG Solingen e. V."]
[BlackTeam "SG Solingen e. V."]

1. e4 c5 2. c3 d5 3. exd5 Qxd5 4. d4 g6 5. Nf3 Bg7 6. Be3 cxd4 7. cxd4 Nc6 8.
Nc3 Qa5 9. Bc4 Nh6 10. Bxh6 Bxh6 11. d5 Bg7 12. dxc6 Bxc3+ 13. bxc3 Qxc3+ 14.
Nd2 Qe5+ 15. Be2 O-O 16. O-O bxc6 17. Nf3 Qf6 18. Qd4 e5 19. Qe3 Kg7 20. Rfe1
Re8 21. Rac1 Bf5 22. Qg5 Qxg5 23. Nxg5 h6 24. Nh3 Be6 25. Bf3 Bd5 26. Bxd5 cxd5
27. Rcd1 Rad8 28. f3 f5 29. Nf2 Kf6 30. g3 h5 31. Kg2 e4 32. fxe4 fxe4 33. h3
Kf5 34. Rf1 Ke5 35. Rfe1 g5 36. Nd3+ Kd6 37. Nb4 Kc5 38. a3 d4 39. Rc1+ Kb5 40.
Nc6 Rd7 41. a4+ Kb6 42. Rc4 d3 43. Rb1+ Kc7 44. Ne5+ Kd6 45. Nxd7 Kxd7 46. Rd1
Kd6 47. Kf2 Kd5 48. Rb4 e3+ 49. Ke1 Kc5 50. Rb3 Rd8 1-0

[Event "XIII. Solinger Karnevalsopen"]
[Site "Solingen"]
[Date "2024.02.09"]
[Round "1.19"]
[White "Sereda, Yaroslava"]
[Black "Atar, Efecan"]
[Result "0-1"]
[WhiteElo "1909"]
[BlackElo "1597"]
[PlyCount "114"]
[EventDate "2024.??.??"]
[WhiteTeam "SG Solingen e. V."]
[BlackTeam "SG Solingen e. V."]

1. e4 e6 2. d3 d5 3. Nd2 d4 4. Ngf3 c5 5. g3 Nc6 6. Bg2 Bd6 7. Qe2 Bc7 8. O-O
Nge7 9. a4 Ng6 10. h4 h5 11. Nc4 e5 12. Nh2 Qe7 13. Bg5 f6 14. Bd2 Be6 15. Bf3
O-O-O 16. Na3 Nf8 17. Bxh5 g5 18. hxg5 Qh7 19. g4 fxg5 20. f3 Ng6 21. Bxg5 Nf4
22. Bxf4 exf4 23. Rf2 Rdg8 24. Rg2 Ne5 25. Rd1 Nd7 26. Nb5 Bb8 27. e5 Nxe5 28.
Nxa7+ Kd7 29. Nb5 Bd5 30. b4 Qe7 31. Kf1 Rh6 32. bxc5 Qxc5 33. Qf2 Nc6 {(=)}
34. c3 Bb3 35. Rc1 Be5 36. Ra1 Bxa4 37. cxd4 Nxd4 38. Rxa4 Qxb5 39. Rxd4+ Bxd4
40. Qxd4+ Rd6 41. Qxf4 Qxd3+ 42. Re2 Ra8 43. Kf2 Ra1 44. Qb4 Qa6 45. g5 Rh1 46.
Qg4+ Kc7 47. Rc2+ Kb6 48. Qb4+ Ka7 49. Kg2 Rdd1 50. Qc5+ Ka8 51. Qc8+ Ka7 {(=)}
52. Qc5+ Ka8 53. Bg4 Qa1 54. Qc8+ Ka7 55. Qc5+ Ka8 56. Qc4 Rdg1+ 57. Kh3 Qh8+
0-1

[Event "XIII. Solinger Karnevalsopen"]
[Site "Solingen"]
[Date "2024.02.09"]
[Round "1.20"]
[White "Kupke, Jonas"]
[Black "Anschuetz, Wolfgang"]
[Result "0-1"]
[WhiteElo "1569"]
[BlackElo "1895"]
[PlyCount "144"]
[EventDate "2024.??.??"]
[WhiteTeam "Wiesbadener SV 1885"]
[BlackTeam "Duesseldorfer SK 14/25 e."]

1. e4 e6 2. d4 d5 3. e5 c5 4. c3 Nc6 5. Nf3 Nge7 6. Bd3 Nf5 7. O-O cxd4 8. Bxf5
exf5 9. cxd4 Be7 10. Nc3 Be6 11. Be3 g5 12. Qb3 b6 13. Qa4 Rc8 14. Nb5 O-O 15.
g3 g4 16. Ne1 Na5 17. Bh6 Re8 18. Qd1 a6 19. Nc3 Bg5 20. Bxg5 Qxg5 21. Nd3 Nc4
22. Qe2 Nd2 23. f4 gxf3 24. Rxf3 Nxf3+ 25. Qxf3 Rc4 26. Nf4 Rxd4 27. Nh5 Rd8
28. Nf6+ Kg7 29. Ne2 Re4 30. Nf4 Rxf4 31. Qxf4 h6 32. Rc1 Qxf4 33. gxf4 d4 34.
Kf2 Bxa2 35. Ke2 b5 36. Rc6 Bc4+ 37. Kd2 a5 38. Nh5+ Kh7 39. Nf6+ Kg6 40. Ng4+
Be6 41. Nf2 Kh5 42. Rb6 Bc4 43. Nh1 Kg4 44. Rd6 Rxd6 45. exd6 Be6 46. Kd3 Kxf4
47. Kxd4 Kf3 48. Ng3 f4 49. Nh5 b4 50. b3 Bh3 51. Ke5 a4 52. bxa4 b3 53. Nf6 b2
54. Ne4 Ke3 55. Nc3 Kd3 56. Nb1 f3 57. a5 f2 58. a6 f1=Q 59. d7 Bxd7 60. h3
Qf5+ 61. Kd6 Qe6+ 62. Kc5 Qxa6 63. h4 Qa1 64. h5 Qxb1 65. Kb4 Be6 66. Kc5 Qc1+
67. Kd6 Qg5 68. Kc7 Qd5 69. Kb6 Qc4 70. Ka5 Qb3 71. Ka6 b1=R 72. Ka5 Ra1# 0-1

[Event "XIII. Solinger Karnevalsopen"]
[Site "Solingen"]
[Date "2024.02.09"]
[Round "1.21"]
[White "Stark, Timo"]
[Black "Mohebbi, Sam"]
[Result "1-0"]
[WhiteElo "1892"]
[BlackElo "1565"]
[PlyCount "97"]
[EventDate "2024.??.??"]
[WhiteTeam "SC Neckarsulm e.V."]
[BlackTeam "SG Porz e. V."]

1. e4 e6 2. d4 d5 3. Nd2 dxe4 4. Nxe4 Nd7 5. Nf3 Ngf6 6. Ng3 h5 7. Bg5 Be7 8.
Bd3 Nd5 9. h4 N7f6 10. Ne5 c6 11. c3 Qb6 12. Qc2 a5 13. Bg6 O-O 14. Bxh5 c5 15.
dxc5 Qxc5 16. Bf3 Nb4 17. Qe2 Qxe5 18. cxb4 Bxb4+ 19. Kf1 Qxe2+ 20. Nxe2 Nh7
21. Be3 Ra6 22. g4 f5 23. g5 Rd6 24. a3 f4 25. Bxf4 Rd3 26. Be4 Rd2 27. axb4
Rxb2 28. bxa5 Bd7 29. Be5 Rb5 30. Bc7 Rb2 31. Rh3 Rc8 32. Bb6 e5 33. Rc3 Re8
34. Ng3 Rf8 35. Bd5+ Kh8 36. Bxb7 Rf4 37. Rc7 Bh3+ 38. Bg2 Be6 39. Be3 Rxh4 40.
a6 Rhb4 41. a7 Rb1+ 42. Rxb1 Rxb1+ 43. Rc1 Bc4+ 44. Ke1 Rxc1+ 45. Bxc1 Bg8 46.
a8=Q e4 47. Bxe4 Nf8 48. Qxf8 g6 49. Bb2+ 1-0

[Event "XIII. Solinger Karnevalsopen"]
[Site "Solingen"]
[Date "2024.02.09"]
[Round "1.22"]
[White "Weber, Yannik"]
[Black "Erkay, Necip Ali"]
[Result "1-0"]
[WhiteElo "1529"]
[BlackElo "1874"]
[PlyCount "91"]
[EventDate "2024.??.??"]
[WhiteTeam "SC Neckarsulm e.V."]
[BlackTeam "SG Solingen e. V."]

1. e4 Nf6 2. Nc3 d5 3. exd5 Nxd5 4. Nxd5 Qxd5 5. Nf3 Bg4 6. d4 Nc6 7. Be3 O-O-O
8. c3 f6 9. Be2 h5 10. Qc2 Bf5 11. Bd3 Bxd3 12. Qxd3 e5 13. Qf5+ Kb8 14. dxe5
fxe5 15. O-O Bd6 16. Rfd1 Qg8 17. b4 Rf8 18. Qe4 Qe6 19. a4 Ne7 20. a5 Qf5 21.
Qc4 Qg6 22. b5 Rxf3 23. b6 Rxe3 24. fxe3 a6 25. bxc7+ Bxc7 26. Rab1 Qc6 27. Qf7
Bd6 28. Rb6 Qe4 29. Rbxd6 Qxe3+ 30. Kh1 Nc8 31. Rd7 Qe4 32. h3 Rh6 33. Qd5 Qxd5
34. R1xd5 Re6 35. Rxg7 e4 36. Rg8 Kc7 37. Rc5+ Kd7 38. Rcxc8 e3 39. Rcd8+ Kc6
40. Rd1 Kb5 41. Rg5+ Kc4 42. Kg1 Kxc3 43. Rc5+ Kb4 44. Rxh5 Kc3 45. Rc5+ Kb4
46. Rc7 1-0